000 00518nam a2200169 i 4500
001 75968
003 ES-MaACL
005 20230906172655.0
007 t|
008 040928s1972 sp ||||1| spa d
100 1 _aGrisez, Germain G.
_960085
245 1 3 _aEl aborto
_b: mitos, realidades y argumentos /
_cGermain G. Grisez ; [tradujo Luis Bittini].
260 _a[Salamanca :
_bSígueme :
_bEuropa,
_c1972]
300 _a717 p. ;
_c21 cm.
700 1 _aBittini, Luis.
_929031
852 _aES-MaACL
_jC-52061
_bR.85250
999 _c75968
_d75968